000 00463nam a22001817a 4500
003 MPLRDC
005 20220104143303.0
008 210129b ||||| |||| 00| 0 eng d
082 _a857.458 CDF v.2
100 _a蔡东藩等著
245 _a民国演义. 第二册
_c
250 _a一版一刷
260 _a
_b上海文化出版社
_c1980
300 _b
490 _a中国历代通俗演义
650 _a历史小说
942 _cBK
_o857.458 CDF v.2
999 _c38431
_d38421